|
|
|
|
| LEADER |
00000nam0a2200000 4500 |
| 001 |
282532 |
| 005 |
20231101235516.0 |
| 020 |
|
|
|a RU
|b 84-64525
|
| 035 |
|
|
|a (RuTPU)RU\TPU\book\306450
|
| 090 |
|
|
|a 282532
|
| 100 |
|
|
|a 20150131d1983 k y0rusy5003 ca
|
| 101 |
0 |
|
|a rus
|
| 102 |
|
|
|a RU
|
| 105 |
|
|
|a a z 001zy
|
| 200 |
1 |
|
|a Основания, фундаменты и инженерные коммуникации в условиях Восточной Сибири
|e [сборник научных трудов]
|f Проектный, научно-исследовательский и конструкторский институт "Красноярский ПромстройНИИпроект" ; отв. ред. Ю. Н. Козаков
|
| 210 |
|
|
|a Красноярск
|c Изд-во Красноярского ПромстройНИИпроект
|d 1984
|
| 215 |
|
|
|a 133 с.
|c ил., 2 л. табл.
|
| 320 |
|
|
|a Библиогр. в конце ст.
|
| 606 |
1 |
|
|a Основания и фундаменты на мерзлых грунтах
|2 stltpush
|3 (RuTPU)RU\TPU\subj\47581
|9 66503
|
| 606 |
1 |
|
|a Санитарно-технические системы в районах вечной мерзлоты
|x Эксплуатация
|2 stltpush
|3 (RuTPU)RU\TPU\subj\53814
|9 71979
|
| 610 |
1 |
|
|a набивные сваи
|
| 610 |
1 |
|
|a Восточная Сибирь
|
| 610 |
1 |
|
|a эффективность
|
| 610 |
1 |
|
|a рамные фундаменты
|
| 610 |
1 |
|
|a проектирование
|
| 610 |
1 |
|
|a охлаждающие устройства
|
| 610 |
1 |
|
|a ползучесть
|
| 610 |
1 |
|
|a прочность
|
| 675 |
|
|
|a 624.139:624.15
|z rus
|v 3
|
| 675 |
|
|
|a 696/697.059
|z rus
|v 3
|
| 702 |
|
1 |
|a Козаков
|b Ю. Н.
|g Юрий Николаевич
|4 340
|
| 712 |
0 |
2 |
|a Проектный, научно-исследовательский и конструкторский институт "Красноярский ПромстройНИИпроект"
|2 stltpush
|3 (RuTPU)RU\TPU\col\8109
|
| 801 |
|
0 |
|a RU
|b RuMRKP
|c 19950704
|g psbo
|
| 801 |
|
1 |
|a RU
|b 63413507
|c 20150131
|
| 801 |
|
2 |
|a RU
|b 63413507
|c 20170815
|g RCR
|
| 942 |
|
|
|c BK
|